| 000 -LEADER |
| fixed length control field |
00433nam a22001691a 4500 |
| 082 ## - DEWEY DECIMAL CLASSIFICATION NUMBER |
| Classification number |
M 792.309 2 |
| Item number |
KES/A |
| 100 ## - MAIN ENTRY--AUTHOR NAME |
| Personal name |
Kesavan Kalamandalam |
| 245 ## - TITLE STATEMENT |
| Title |
Arangathe athbhutha prathibhaasam/ |
| Statement of responsibility, etc |
by Kesavan Kalamandalam |
| 260 ## - PUBLICATION, DISTRIBUTION, ETC. (IMPRINT) |
| Name of publisher |
|
| Year of publication |
1992. |
| Place of publication |
|
| 300 ## - PHYSICAL DESCRIPTION |
| Number of Pages |
155p. |
| 650 ## - SUBJECT ADDED ENTRY--TOPICAL TERM |
| Topical Term |
Biography Kalamandalam Kesavan |
| 650 ## - SUBJECT ADDED ENTRY--TOPICAL TERM |
| Topical Term |
Biography Pantomime Artist |
| 650 ## - SUBJECT ADDED ENTRY--TOPICAL TERM |
| Topical Term |
Biography |
| 650 ## - SUBJECT ADDED ENTRY--TOPICAL TERM |
| Topical Term |
Pantomime |
| 650 ## - SUBJECT ADDED ENTRY--TOPICAL TERM |
| Topical Term |
Arts |
| 942 ## - ADDED ENTRY ELEMENTS (KOHA) |
| Koha item type |
Book |